Центробежные эффекты высоких порядков в эффективном дипольном моменте молекул XY2 симметрии C2v; Перспективы развития фундаментальных наук; Т. 1 : Физика
| Parent link: | Перспективы развития фундаментальных наук=Prospects of Fundamental Sciences Development: сборник научных трудов XХII Международной конференции студентов, аспирантов и молодых ученых, г. Томск, 22-25 апреля 2025/ Национальный исследовательский Томский политехнический университет ; под ред. И. А. Курзиной [и др.].— .— Томск: Изд-во ТПУ Т. 1 : Физика.— 2025.— С. 173-175 |
|---|---|
| Autore principale: | |
| Altri autori: | , |
| Riassunto: | Заглавие с экрана Based on the symmetry properties of the molecule and the theory of irreducible tensor operators, high-order corrections are obtained that are necessary for calculating the absolute intensities of molecules of the asymmetric top XY2 type Текстовый файл |
| Lingua: | russo |
| Pubblicazione: |
2025
|
| Soggetti: | |
| Accesso online: | http://earchive.tpu.ru/handle/11683/132838 |
| Natura: | MixedMaterials Elettronico Capitolo di libro |
| KOHA link: | https://koha.lib.tpu.ru/cgi-bin/koha/opac-detail.pl?biblionumber=682408 |
MARC
| LEADER | 00000naa2a2200000 4500 | ||
|---|---|---|---|
| 001 | 682408 | ||
| 005 | 20251101135311.0 | ||
| 090 | |a 682408 | ||
| 100 | |a 20251017d2025 k||y0rusy50 ca | ||
| 101 | 0 | |a rus | |
| 102 | |a RU | ||
| 135 | |a drcn ---uucaa | ||
| 200 | 1 | |a Центробежные эффекты высоких порядков в эффективном дипольном моменте молекул XY2 симметрии C2v |d High-order centrifugal effects in the effective dipole moment of XY2 molecules with C2v symmetry |f Ма Хаосян, Тан Минъян |g науч. рук. О. В. Громова |z eng | |
| 300 | |a Заглавие с экрана | ||
| 320 | |a Список литературы: 2 назв | ||
| 330 | |a Based on the symmetry properties of the molecule and the theory of irreducible tensor operators, high-order corrections are obtained that are necessary for calculating the absolute intensities of molecules of the asymmetric top XY2 type | ||
| 336 | |a Текстовый файл | ||
| 461 | 1 | |0 682243 |t Перспективы развития фундаментальных наук |l Prospects of Fundamental Sciences Development |o сборник научных трудов XХII Международной конференции студентов, аспирантов и молодых ученых, г. Томск, 22-25 апреля 2025 |9 682243 |c Томск |n Изд-во ТПУ |f Национальный исследовательский Томский политехнический университет ; под ред. И. А. Курзиной [и др.] | |
| 463 | 1 | |0 682245 |9 682245 |t Т. 1 : Физика |d 2025 |u conference_tpu-2025-C21_V1.pdf |v С. 173-175 |l Vol. 1 : Physics | |
| 610 | 1 | |a труды учёных ТПУ | |
| 610 | 1 | |a электронный ресурс | |
| 610 | 1 | |a absolute line strengths | |
| 610 | 1 | |a effective dipole moment | |
| 610 | 1 | |a matrix elements of effective dipole moment | |
| 700 | 0 | |a Ма Хаосян | |
| 701 | 0 | |a Тан Минъян | |
| 702 | 1 | |a Громова |b О. В. |c физик |c профессор Томского политехнического университета, доктор физико-математических наук |f 1982- |g Ольга Васильевна |4 727 | |
| 801 | 0 | |a RU |b 63413507 |c 20251017 |g RCR | |
| 850 | |a 63413507 | ||
| 856 | 4 | |z http://earchive.tpu.ru/handle/11683/132838 |u http://earchive.tpu.ru/handle/11683/132838 | |
| 942 | |c CF | ||